000 00858nam a2200229Ii 4500
003 JO-AjNU
008 230605s9999||||xx |||||||||||||| ||und||
017 _a2006/11/3167
020 _a9957-00-292-9
040 _aJO-AjNU
_bara
_erda
_cJO-AjNU
041 _aara
050 1 4 _aTS156.B85 2007
100 3 _aالبلداوي، عبدالحميد/م مشارك شكري محمود نديم ,
_eauthor
_933121
245 0 0 _aادارة الجودة الشاملة والمعولية(الموثوقية) والتقنيات الحديثة في تطبيقها واستدامتها
250 _aط1
264 3 1 _aعمان:دار الشروق للنشر ،2007
300 _a226ص
336 _atext
_btxt
_2rdacontent
337 _aunmediated
_bn
_2rdamedia
338 _avolume
_bnc
_2rdacarrier
650 4 _aالجودة-ادارة الاعمال
_933122
999 _aA13448
_c17016
_d17016